Loading...
| Science - Chemistry | 0 | 8 | 1 | 2 | 75 | 53 | 79.50 | 1 | 5 | 18.63 | 47.27 |
| Philosophy | 0 | 7 | 1 | 0 | 65 | 33 | 73.86 | 2 | 5 | 22.68 | 43.64 |
| Science - Other | 0 | 6 | 0 | 0 | 60 | 45 | 78.17 | 3 | 4 | 16.67 | 44.39 |
| Science - Physics | 0 | 6 | 0 | 0 | 60 | 15 | 64.67 | 1 | 5 | 22.95 | 41.14 |
| History - American | 0 | 5 | 0 | 0 | 50 | 19 | 33.20 | 3 | 5 | 30.93 | 40.15 |
| Fine Arts - Other | 0 | 5 | 1 | 1 | 45 | 65 | 95.60 | 2 | 4 | 11.81 | 35.98 |
| History - Other | 0 | 5 | 1 | 0 | 45 | 52 | 65.80 | 2 | 4 | 19.79 | 34.62 |
| Science - Biology | 0 | 5 | 1 | 0 | 45 | 44 | 69.60 | 4 | 5 | 16.66 | 40.00 |
| Fine Arts - Classical Music | 0 | 4 | 0 | 0 | 40 | 47 | 73.75 | 1 | 4 | 13.53 | 30.98 |
| Fine Arts - Painting and Sculpture | 0 | 5 | 2 | 0 | 40 | 35 | 65.80 | 2 | 4 | 20.10 | 37.05 |
| History - European | 0 | 4 | 0 | 0 | 40 | 15 | 41.75 | 1 | 4 | 22.47 | 30.91 |
| Social Science | 0 | 5 | 2 | 0 | 40 | 24 | 34.80 | 4 | 5 | 29.31 | 40.08 |
| Religion | 0 | 4 | 1 | 0 | 35 | 72 | 88.50 | 2 | 3 | 9.60 | 30.23 |
| History - World | 0 | 3 | 1 | 0 | 25 | 12 | 27.67 | 3 | 3 | 19.77 | 25.00 |
| Literature - World | 0 | 2 | 0 | 0 | 20 | 37 | 44.00 | 1 | 2 | 10.83 | 15.91 |
| Literature - American | 0 | 2 | 0 | 0 | 20 | 21 | 30.00 | 1 | 2 | 13.22 | 12.88 |
| Literature - British | 0 | 2 | 0 | 0 | 20 | 36 | 73.50 | 1 | 1 | 7.82 | 10.83 |
| Literature - European | 0 | 2 | 0 | 0 | 20 | 60 | 68.50 | 1 | 2 | 8.82 | 15.91 |
| Other Academic | 0 | 0 | 1 | 0 | -5 | 0.00 | 0 | 0 | 0.00 | 0.00 |